000 00687nam a2200241Ia 4500
003 OSt
005 20220930071116.0
006 a|||||r|||| 00| 0
007 ta
008 220926b |||||||| |||| 00| 0 eng d
024 _a7982
037 _cTheses
040 _aCRL
_cCRL
_beng
041 _2eng
_aeng
100 _aVani R.S.
_9527999
110 _aUniversity of Delhi. Faculty of Science. Department of Botany
245 0 _aSystematic embryology of crossosoma lophira, roridula and Nyctanthes
260 _c1966
650 _aBOTANY
700 _aUniversity of Delhi. Faculty of Science. Department of Botany
942 _cDIS
_2CC
999 _c861872
_d861872